Sports Quiz

Random Sports or Soccer Quiz

Any Team But RCD Espanyol Quiz Stats

 Plays Quiz not verified by Sporcle

Support Sporcle.
Go Orange.
Score 0/81 Timer 10:00
0 Plays Today
Question Answer % Correct
Teams that have been Runners-Up in the UEFA Cup/Europa League more than onceRCD Espanyol
100%
Teams that won the Segunda División in the 1990sRCD Espanyol
99.7%
Teams that were eliminated in the Third Round of the 1977 UEFA CupRCD Espanyol
99.7%
Teams that were knocked out in the Quarter-Finals of the Copa del Rey by the eventual winners in the 2000s (decade)RCD Espanyol
99.7%
Teams that Florin Răducioiu played forRCD Espanyol
99.7%
Teams that Florin Răducioiu played forRCD Espanyol
99.7%
Teams that Miguel Ángel Lotina has managedRCD Espanyol
99.7%
Teams that have lost a European Final against a team from the same countryRCD Espanyol
99.7%
Teams that were knocked out in the Quarter-Finals of the Copa del Rey by the eventual winners in the 2000s (decade)Atlético Madrid
81.1%
Teams that have lost a European Final against a team from the same country (cont.)Atlético Madrid
81.1%
Teams that have lost a European Final against a team from the same country (cont.)Atlético Madrid
81.1%
Teams that have lost a European Final against a team from the same countryValencia CF
80.1%
Teams that were knocked out in the Quarter-Finals of the Copa del Rey by the eventual winners in the 2000s (decade)FC Barcelona
79.5%
Teams that have been Runners-Up in the UEFA Cup/Europa League more than onceArsenal
78.8%
Teams that have lost a European Final against a team from the same country (cont.)Arsenal
78.8%
Teams that have lost a European Final against a team from the same countryJuventus
78.2%
Teams that have lost a European Final against a team from the same countryJuventus
78.2%
Teams that have lost a European Final against a team from the same country (cont.)Chelsea
77.5%
Teams that were eliminated in the Third Round of the 1977 UEFA CupAC Milan
76.5%
Teams that were knocked out in the Quarter-Finals of the Copa del Rey by the eventual winners in the 2000s (decade)Real Madrid
76.5%
Teams that Florin Răducioiu played forAC Milan
76.5%
Teams that have lost a European Final against a team from the same country (cont.)Tottenham Hotspur
75.6%
Teams that have been Runners-Up in the UEFA Cup/Europa League more than onceBorussia Dortmund
72.6%
Teams that have lost a European Final against a team from the same country (cont.)Borussia Dortmund
72.6%
Teams that Miguel Ángel Lotina has managedDeportivo de La Coruña
70.7%
Teams that were knocked out in the Quarter-Finals of the Copa del Rey by the eventual winners in the 2000s (decade)Real Betis
68.1%
Teams that have been Runners-Up in the UEFA Cup/Europa League more than onceSL Benfica
66.8%
Question Answer % Correct
Teams that Miguel Ángel Lotina has managedReal Sociedad
64.5%
Teams that have been Runners-Up in the UEFA Cup/Europa League more than onceAthletic Bilbao
62.9%
Teams that have lost a European Final against a team from the same country (cont.)Athletic Bilbao
62.9%
Teams that Miguel Ángel Lotina has managedVillarreal
61.9%
Teams that won the Segunda División in the 1990sCelta Vigo
61.2%
Teams that Miguel Ángel Lotina has managedCelta Vigo
61.2%
Teams that have lost a European Final against a team from the same countrySS Lazio
61.2%
Teams that have been Runners-Up in the UEFA Cup/Europa League more than onceOlympique de Marseille
59.9%
Teams that have lost a European Final against a team from the same countryAS Roma
59.6%
Teams that were eliminated in the Third Round of the 1977 UEFA CupRed Star Belgrade
56%
Teams that won the Segunda División in the 1990sMálaga
55.7%
Teams that won the Segunda División in the 1990sDeportivo Alavés
53.1%
Teams that Miguel Ángel Lotina has managedCA Osasuna
52.1%
Teams that were knocked out in the Quarter-Finals of the Copa del Rey by the eventual winners in the 2000s (decade)Real Valladolid
49.8%
Teams that have lost a European Final against a team from the same country (cont.)Sporting de Braga
45.3%
Teams that were knocked out in the Quarter-Finals of the Copa del Rey by the eventual winners in the 2000s (decade)Racing Santander
43%
Teams that were knocked out in the Quarter-Finals of the Copa del Rey by the eventual winners in the 2000s (decade)Cádiz
42.3%
Teams that have lost a European Final against a team from the same countryFiorentina
38.8%
Teams that have been Runners-Up in the UEFA Cup/Europa League more than onceBorussia Mönchengladbach
37.8%
Teams that have lost a European Final against a team from the same countryBorussia Mönchengladbach
37.8%
Teams that were eliminated in the Third Round of the 1977 UEFA CupSchalke 04
36.8%
Teams that Miguel Ángel Lotina has managedCD Numancia
36.8%
Teams that Miguel Ángel Lotina has managedCD Numancia
36.8%
Teams that won the Segunda División in the 1990sAlbacete Balompié
34.2%
Teams that won the Segunda División in the 1990sHércules CF
32.6%
Teams that Florin Răducioiu played forVfB Stuttgart
29.3%
Teams that Florin Răducioiu played forAS Monaco
29%
Question Answer % Correct
Teams that were eliminated in the Third Round of the 1977 UEFA Cup1. FC Köln
28.7%
Teams that Florin Răducioiu played forWest Ham United
28.7%
Teams that Florin Răducioiu played forDinamo București
26.4%
Teams that Florin Răducioiu played forDinamo București
26.4%
Teams that Miguel Ángel Lotina has managedCD Logroñés
25.4%
Teams that Miguel Ángel Lotina has managedCD Logroñés
25.4%
Teams that were eliminated in the Third Round of the 1977 UEFA CupShakhtar Donetsk
23.1%
Teams that have lost a European Final against a team from the same countryWolverhampton Wanderers
20.2%
Teams that were eliminated in the Third Round of the 1977 UEFA CupVideoton
18.6%
Teams that were knocked out in the Quarter-Finals of the Copa del Rey by the eventual winners in the 2000s (decade)SD Compostela
17.9%
Teams that Florin Răducioiu played forBari
15.3%
Teams that won the Segunda División in the 1990sReal Burgos CF
15%
Teams that won the Segunda División in the 1990sCP Mérida
15%
Teams that won the Segunda División in the 1990sCP Mérida
15%
Teams that Florin Răducioiu played forBrescia
14.7%
Teams that Florin Răducioiu played forBrescia
14.7%
Teams that won the Segunda División in the 1990sUE Lleida
14%
Teams that Miguel Ángel Lotina has managedCD Badajoz
12.7%
Teams that Florin Răducioiu played forHellas Verona
12.1%
Teams that were eliminated in the Third Round of the 1977 UEFA CupÖsters IF
8.8%
Teams that Miguel Ángel Lotina has managedTokyo Verdy
7.2%
Teams that Florin Răducioiu played forUS Créteil-Lusitanos
6.5%
Teams that Miguel Ángel Lotina has managedAC Omonia
6.2%
Teams that Miguel Ángel Lotina has managedCerezo Osaka
6.2%
Teams that were knocked out in the Quarter-Finals of the Copa del Rey by the eventual winners in the 2000s (decade)UDA Gramenet
4.9%
Teams that Miguel Ángel Lotina has managedAl-Shahania SC
3.6%
Teams that Miguel Ángel Lotina has managedAl-Shahania SC
3.6%

You're not logged in!

Compare scores with friends on all Sporcle quizzes.
OR
Log In

From the Vault

Super Bowl XLIV (New Orleans vs Indianapolis)

by Ben

We were going to spend millions of dollars on some fancy Sporcle Super Bowl ad, but figured this game might be more fiscally responsible.
Remove Ads.
Support Sporcle.
Get the best of Sporcle when you Go Orange. This ad-free experience offers more features, more stats, and more fun while also helping to support Sporcle. Thank you for becoming a member.

Show Comments

Extras

Top Quizzes Today


Score Distribution

Your Account Isn't Verified!

In order to create a playlist on Sporcle, you need to verify the email address you used during registration. Go to your Sporcle Settings to finish the process.

Report this User

Report this user for behavior that violates our Community Guidelines.

Details: